| 000 | 00574nam a2200169Ia 4500 | ||
|---|---|---|---|
| 003 | GCL | ||
| 008 | 140319s9999 xx 000 0 ara d | ||
| 040 |
_aGCL / _cGCL |
||
| 082 | 0 | 4 |
_aد _b050 _bد هـ |
| 245 | 1 | 0 | _aغرام الخديو والامبراطورة ( الهلال سبتمبر 2004 ) |
| 260 |
_aالقاهرة : _bدار الهلال للطباعة والنشر ، _c2004 |
||
| 650 | 0 | 4 | _aالسينما |
| 650 | 0 | 4 | _aمحمود سامى البارودى |
| 650 | 0 | 4 | _aمتحف محمد محمود خليل |
| 650 | 0 | 4 | _aالمسرح - مصر |
| 942 |
_2ddc _cCR |
||
| 999 |
_c7100 _d7100 |
||